Flexible syntax : a theory of case and arguments

Bibliographic Details
Published in:Studies in natural language and linguistic theory
Main Authors: Neeleman, Ad, Weerman, Fred
Content type: Book
Published: Dordrecht: Kluwer 1999
Series:Studies in natural language and linguistic theory ; 47
Source:MPIPL_cat
_version_ 1863687014805667841
author Neeleman, Ad
author2 Weerman, Fred
author2_variant f w fw
author_facet Neeleman, Ad
Weerman, Fred
author_search Neeleman, Ad
Weerman, Fred
author_sort Neeleman, Ad
author_variant a n an
callnumber-first 210-Nee/3
callnumber-label 210-NEE/3
callnumber-raw 210-NEE/3
callnumber-search 210-NEE/3
collection_details MPIPL
container_title Studies in natural language and linguistic theory
dedup_id_str MPIPL_cat.PL000098737
dewey-hierarchy 0/[Unassigned]/
dewey-hierarchy_str 0/[Unassigned]/
first_indexed 2026-03-14T00:40:40Z
format 0/Buch/
format_str 0/Buch/
fullrecord <?xml version="1.0" encoding="UTF-8"?> <collection xmlns:xsi="http://www.w3.org/2001/XMLSchema-instance" xsi:schemaLocation="http://www.loc.gov/MARC21/slim http://www.loc.gov/standards/marcxml/schema/MARC21slim.xsd" xmlns="http://www.loc.gov/MARC21/slim"> <record> <leader>00000nam a2200000 u 4500</leader> <controlfield tag="001">PL000098737</controlfield> <controlfield tag="003">PLI01000000000000000096323</controlfield> <controlfield tag="005">00000000000000.0</controlfield> <controlfield tag="008"> ||| u </controlfield> <datafield tag="020" ind1=" " ind2=" "> <subfield code="a">0-7923-6058-3</subfield> </datafield> <datafield tag="020" ind1=" " ind2=" "> <subfield code="a">9780792360582</subfield> </datafield> <datafield tag="090" ind1=" " ind2=" "> <subfield code="a">210-Nee/3</subfield> </datafield> <datafield tag="100" ind1="1" ind2=" "> <subfield code="a">Neeleman, Ad</subfield> </datafield> <datafield tag="245" ind1="0" ind2="0"> <subfield code="a">Flexible syntax</subfield> <subfield code="b">a theory of case and arguments</subfield> <subfield code="c">Ad Neeleman and Fred Weerman</subfield> </datafield> <datafield tag="260" ind1=" " ind2=" "> <subfield code="a">Dordrecht</subfield> <subfield code="b">Kluwer</subfield> <subfield code="c">1999</subfield> </datafield> <datafield tag="300" ind1=" " ind2=" "> <subfield code="a">XI, 253 p.</subfield> </datafield> <datafield tag="700" ind1="1" ind2=" "> <subfield code="a">Weerman, Fred</subfield> </datafield> <datafield tag="989" ind1=" " ind2=" "> <subfield code="a">02-05</subfield> </datafield> <datafield tag="490" ind1="0" ind2=" "> <subfield code="a">Studies in natural language and linguistic theory</subfield> <subfield code="v">47</subfield> </datafield> <datafield tag="830" ind1=" " ind2="0"> <subfield code="w">PL0000540</subfield> </datafield> <datafield tag="852" ind1=" " ind2=" "> <subfield code="c">210-Nee/3</subfield> <subfield code="m">BOOK</subfield> </datafield> </record> </collection>
hierarchy_parent_id MPIPL_cat.PL0000540
hierarchy_parent_title Studies in natural language and linguistic theory
id MPIPL_cat.PL000098737
illustrated Not Illustrated
institution MPIPL_cat
institution_str MPIPL_cat
isbn 9780792360582
0-7923-6058-3
language und
language_str und
last_indexed 2026-04-27T23:42:09Z
local_fields 02-05
online false
online_MPIPL_cat false
online_str false
physical XI, 253 p.
publishDate 1999
publishDate_str 1999
publisher Kluwer
record_format marc
series Studies in natural language and linguistic theory
signature_search 210-Nee/3
spelling Neeleman, Ad
Flexible syntax
a theory of case and arguments
Ad Neeleman and Fred Weerman
Dordrecht
Kluwer
1999
XI, 253 p.
Weerman, Fred
Studies in natural language and linguistic theory
47
PL0000540
spellingShingle Neeleman, Ad
Flexible syntax : a theory of case and arguments
Studies in natural language and linguistic theory
title Flexible syntax : a theory of case and arguments
title_full Flexible syntax a theory of case and arguments Ad Neeleman and Fred Weerman
title_fullStr Flexible syntax a theory of case and arguments Ad Neeleman and Fred Weerman
title_full_unstemmed Flexible syntax a theory of case and arguments Ad Neeleman and Fred Weerman
title_search Flexible syntax a theory of case and arguments
Studies in natural language and linguistic theory
title_short Flexible syntax
title_sort flexible syntax a theory of case and arguments ad neeleman and fred weerman
title_sub a theory of case and arguments